003990000a2200145000450024500370000065000150003765000170005265000150006965000240008465000250010865300110013304100130014410000250015777300710018210aRevision of Hillia ()14aBotánica14aVegetación14aCladistica14aTaxonomía vegetal14aMorfología vegetal gHillia0 aInglés1 aTaylor, Charlotte M.1 tAnnals of the Missouri Botanical Garden3157h4q571-609d1994g81